| 000 | 01199nam a2200253Ia 4500 | ||
|---|---|---|---|
| 999 |
_c37859 _d37859 |
||
| 001 | 3837 | ||
| 003 | GE_BSU | ||
| 005 | 20190815162209.0 | ||
| 008 | 181216s1985||||ge |||||||||||||| ||geo|| | ||
| 040 | _cGE_BSU | ||
| 041 | _ageo | ||
| 080 | _a159.922.7 ზ–32 | ||
| 100 |
_aზარანდია, მელენტი _93623 |
||
| 245 |
_aბავშვის განვითარების აქსელერაციის კანონზომიერება / _cრედ. მ. ყოლბაია; დ. უზნაძის სახ. ფსიქოლოგიის ინ-ტი. |
||
| 264 |
_aთბ. : _bმეცნიერება, _c1985. |
||
| 300 |
_a254 გვ. _b22 სმ. |
||
| 504 | _aბიბლიოგრ.: გვ.246-252 (172 სხწ.). | ||
| 520 | _aრეზ. რუს. | ||
| 653 | _aბავშვის განვითარების აქსელერაცია | ||
| 653 | _aფსიქოლოგია | ||
| 700 |
_aყოლბაია, მ.. _eრედაქტორი _93624 |
||
| 710 |
_aდ. უზნაძის სახ. ფსიქოლოგიის ინ-ტი. _93596 |
||
| 942 |
_cBK _2udc |
||